| 000 | 00719nac a22002171u 4500 | ||
|---|---|---|---|
| 010 | _a 95040960 | ||
| 020 | _a0133564940 (alk. paper) | ||
| 082 | 0 | 0 |
_a332.45 _bBUC |
| 090 |
_c7461 _d7461 |
||
| 100 | _aBuckley, Adrian. | ||
| 245 | 1 | 4 |
_aThe essence of international money / _cAdrian Buckley. |
| 250 | _a2nd ed. | ||
| 260 |
_aLondon ; _aNew York : _bPrentice Hall,1996 _c1996. |
||
| 300 |
_axii, 182 p. : _bill. ; _c24 cm. |
||
| 440 | 4 | _aThe essence of management series | |
| 500 | _adistributer: Al-Ahram | ||
| 504 | _aIncludes bibliographical references (p. 180) and index. | ||
| 511 | _acatalogued by: wessam | ||
| 650 | 0 | _aForeign exchange. | |
| 942 |
_cBB _k332.45BUC |
||
| 999 |
_c7461 _d7461 |
||